MARC

Tag First Indicator Second Indicator Subfields
LEADER 00000cim a2200000 a 4500
001 in00001446821
005 20151020164159.0
007 ss lunjlc||||u
008 960528s1994 enk n g f eng d
020 |a 0745127525 
020 |a 9780745127521 
028 0 2 |a SAB 118  |b Sterling 
035 |a (OCoLC)34793273 
035 |9 AJC5393AM 
040 |a HQD  |c HQD  |d TXI  |d TXA  |d UtOrBLW 
049 |a TXAM 
090 |a PS3557.U846  |b S652 1996 
100 1 |a Guterson, David. 
245 1 0 |a Snow falling on cedars /  |c by David Guterson, read by Peter Marinker. 
264 1 |a Bath (Eng.) :  |b Sterling Audio Book,  |c [1996] 
264 4 |c ©1996 
300 |a 10 sound cassettes (15 hrs., 8 mins.) :  |b analog, Dolby processed. 
336 |a spoken word  |b spw  |2 rdacontent 
337 |a audio  |b s  |2 rdamedia 
338 |a audiocassette  |b ss  |2 rdacarrier 
511 0 |a Read by Peter Marinker. 
500 |a Complete and unabridged. 
521 |a ESL 
500 |a In container with book of same title. 
586 |a PEN/Faulkner Award for Fiction, 1995 
500 |a Sound recording. 
650 0 |a Japanese Americans  |z Washington (State)  |v Fiction. 
650 0 |a Trials (Murder)  |z Washington (State)  |v Fiction. 
650 0 |a Journalists  |z Washington (State)  |v Fiction. 
651 0 |a Washington (State)  |v Fiction. 
655 7 |a Audiobooks.  |2 lcgft 
650 0 |a English language  |v Sound recordings for foreign speakers. 
700 1 |a Marinker, Peter. 
948 |a c:dm 
999 |a MARS 
999 f f |s a65648e8-3ada-36a8-8f06-dd0dcd86ad55  |i 25576d34-c1b5-330c-b2c4-f11a9ee38a19  |t 0 
952 f f |p ric  |a Texas A&M University  |b Rellis Campus  |c Joint Library Facility  |d Remote Storage  |t 0  |e PS3557.U846 S652 1996  |h Library of Congress classification  |i audio -- audiocassette  |m A14824234872 
998 f f |a PS3557.U846 S652 1996  |t 0  |l Remote Storage